000
00224nam a2200097Ia 4500
008
230907s9999||||xx |||||||||||||| ||und||
082
_a
658.80091767
_b
NES
245
0
_a
Islamic marketing :
300
_a
pages cm
942
_c
BK
999
_c
600442
_d
600442